Chose les plus connu du monde - Statistiques

Statistiques générales
  • Ce quiz a été pris 79 fois
  • Le résultat moyen est 11 sur 15
Statistiques - réponses
Question Reponse % Correct
Le pays le plus connu du monde ÉtatsUnis
99%
Le bateau le plus connu du monde Titanic
99%
Langue la plus connu du monde Anglais
91%
Le footballer le plus connu du monde Ronaldo
91%
L'animal le plus connu du monde Chien
90%
Ville la plus connu du monde Paris
90%
Océan le plus connu du monde Atlantique
88%
Plateforme de séries et film la plus connu du monde Netflix
86%
Club de foot le plus connu du monde Real Madrid
74%
La personne la plus connu du monde Donald Trump
65%
Youtubeur le plus connu du monde Mr Beast
59%
Aliments le plus connu du monde Pâtes
45%
Jeux vidéo le plus connu au monde Fortnite
41%
Chanteur ou chanteuse le/la plus connu du monde Taylor Swift
39%
La série la plus connu du monde Stranger Things
22%
Aucun quiz correspondant
Distribution des résultats
% des personnes avec chaque résultat
Percentile par nombre de réponses
Votre historique - résultats
Vous n’avez pas pris ce quiz